| 000 | 01026nam a2200265Ia 4500 | ||
|---|---|---|---|
| 003 | OSt | ||
| 005 | 20220927105947.0 | ||
| 006 | a|||||r|||| 00| 0 | ||
| 007 | ta | ||
| 008 | 220926b |||||||| |||| 00| 0 eng d | ||
| 024 | _a125838 | ||
| 037 | _cReference Collections | ||
| 040 |
_aRTL _cRTL _beng |
||
| 041 |
_2eng _aeng |
||
| 082 | _a"U22p4,N64, K4/UN" | ||
| 110 |
_a"Un, Economic commerce for Asia and the Far-East." _9375769 |
||
| 111 |
_aInterregional Seminar on Methods of Hydrological for Casting for the utilization of Water Resources (Bangkok (1964)) _9375770 |
||
| 245 | 0 | _aProceedings. | |
| 260 |
_aNew _bYork United Nations USA _c1964 |
||
| 490 | _aUnited Nations Water resources series .27. United Nations Economic Commission for Asia and the Far East and world Meteorolgical Organizaiton Publication | ||
| 650 | _aHydrology | ||
| 700 |
_a"Un, Economic commerce for Asia and the Far-East." _9375771 |
||
| 942 |
_h"U22p4,N64, K4/UN" _cCC |
||
| 999 |
_c695270 _d695270 |
||